1883 1797 1719 1514 1943 1977 1288 1174 1923 1998 1524 1817 1245 1645 1323 1338 1231 1755 1904 1639 1381 1504 1239 1655 1641 1766 1186 1874 1548 1172 1164 1077 1646 1346 1100 1396 1601 1150 1578 1001 1458 1383 1349 1075 1775 1768 1759 1334 1678 1956 1666 1259 1251 1107 1214 1047 1876 1316 1688 1121 1639 1401 1736 1804 1415 1191 1110 1347 1860 1190 1563 1747 1669 1663 1454 1820 1674 1492 1956 1823 1054 1452 1464 1525 1253 1397 1953 1254 1207 1980 1701 1755 1020 1784 1542 1347 1620 1760 1598 BCNSPRNW ULIB Ver.6.0+V

เปลี่ยนเป็นภาษาไทย

Change to English
 แสดงรายละเอียดบรรณานุกรม
  กลับหน้าหลัก

Brief Record : Get Marc (ISO 2709) : E-mail record : QR code < ปิดหน้าต่าง
LEADER : 00000nam 2200000uu 4500
001    13399123007
003     ULIB
008    131128s2555||||th 000 0 tha d
020    ^a9786162142468
090    ^aนว.^bพ656พ ล.6
100    ^aพนมเทียน
245    ^aเพชรพระอุมา : ดงมรณะ ล.2 /^cพนมเทียน
250    ^aพิมพ์ครั้งที่ 6
260    ^aกรุงเทพฯ :^bณ บ้านวรรณกรรม,^c2555
300    ^a455 หน้า
945    ^p225^l0^i034210
999    ^aเกษร โพธิ์สุวรรณ
รายการนี้ยังไม่มีแท็ก
คุณยังไม่ได้ล็อกอิน คุณสามารถมีกิจกรรมร่วมกับเว็บไซต์ได้ แต่ต้องล็อกอินก่อน ::
  ล็อกอิน

รายการสื่อสารสนเทศ

ลำดับที่ ประเภท เลขเรียก/บาร์โค้ด สถานที่ สถานะ
1. นวนิยาย
นวนิยาย
นว. พ656พ ล.6  
  Barcode: 034210
ห้องสมุดวิทยาเขตสวรรค์ประชารักษ์
►นวนิยาย
บนชั้น
  ขอยืม

รายการใกล้เคียง
    ผู้แต่ง [พนมเทียน]

BibComment


ยังไม่เคยถูกคอมเมนท์

คอมเมนท์ทรัพยากรรายการนี้
  คอมเมนท์: เพชรพระอุมา ดงม..


 Copyright 2026. Bcnsprnw @Library